[Event "HUN-chT3"]
[Site "Hungary"]
[Date "1997.??.??"]
[Round "?"]
[White "Gelencser, Andras"]
[Black "Nyiri, Daniel"]
[Result "1/2-1/2"]
[WhiteElo "1750"]
[BlackElo "1860"]
[PlyCount "49"]
[EventDate "1997.??.??"]
[EventType "team"]
[EventRounds "13"]
[EventCountry "HUN"]
[SourceTitle "EXT 2001"]
[Source "ChessBase"]
[SourceDate "2000.11.22"]
[SourceVersion "1"]
[SourceVersionDate "2000.11.22"]
[SourceQuality "1"]

1. e4 c5 2. Nf3 d6 3. Bb5+ Bd7 4. Bxd7+ Qxd7 5. 0-0 e6 6. b3 Nf6 7. Re1 Nc6 8. Bb2 Be7 9. c4 0-0 10. d4 cxd4 11. Nxd4 Rfd8 12. Nc3 Rac8 13. Qd2 d5 14. Nxc6 Rxc6 15. exd5 exd5 16. Nxd5 Nxd5 17. Qxd5 Rd6 18. Qf3 Rd2 19. Rab1 Bc5 20. Rf1 Qd3 21. Qxd3 R8xd3 22. b4 Bd6 23. c5 Bc7 24. g3 Rc2 25. Rfe1 1/2-1/2

[Event "HUN-chT3"]
[Site "Hungary"]
[Date "1997.??.??"]
[Round "?"]
[White "Gloeckl, Zoltan"]
[Black "Gelencser, Andras"]
[Result "1-0"]
[WhiteElo "1780"]
[BlackElo "1795"]
[PlyCount "67"]
[EventDate "1997.??.??"]
[EventType "team"]
[EventRounds "13"]
[EventCountry "HUN"]
[SourceTitle "EXT 2001"]
[Source "ChessBase"]
[SourceDate "2000.11.22"]
[SourceVersion "1"]
[SourceVersionDate "2000.11.22"]
[SourceQuality "1"]

1. d4 e6 2. c4 Bb4+ 3. Nc3 f5 4. Nf3 Nf6 5. Bg5 0-0 6. e3 d6 7. Be2 Nbd7 8. 0-0 Qe8 9. Bxf6 Nxf6 10. Nb1 c5 11. a3 Ba5 12. dxc5 dxc5 13. Ne5 Bc7 14. Nd3 Qe7 15. Nc3 Rd8 16. Bf3 e5 17. e4 fxe4 18. Nxe4 Nxe4 19. Bxe4 Qh4 20. Bd5+ Kh8 21. Nxc5 Bd6 22. Ne4 Bc7 23. g3 Qe7 24. Qh5 g6 25. Qg5 Qg7 26. b4 Rf8 27. Rad1 Bd8 28. Qe3 Bf5 29. Nd6 Bc8 30. Nf7+ Rxf7 31. Bxf7 Bg4 32. f3 Qxf7 33. fxg4 Qxc4 34. Qxe5+ 1-0